<?xml version="1.0" encoding="UTF-8"?>
<record
    xmlns:xsi="http://www.w3.org/2001/XMLSchema-instance"
    xsi:schemaLocation="http://www.loc.gov/MARC21/slim http://www.loc.gov/standards/marcxml/schema/MARC21slim.xsd"
    xmlns="http://www.loc.gov/MARC21/slim">

  <leader>01064nam a22002531  4500</leader>
  <controlfield tag="001">gs 06000610 </controlfield>
  <controlfield tag="003">DLC</controlfield>
  <controlfield tag="005">20260227111304.0</controlfield>
  <controlfield tag="008">900504s1873    moubf         00010 eng c</controlfield>
  <datafield tag="010" ind1=" " ind2=" ">
    <subfield code="a">gs 06000610 //r902</subfield>
  </datafield>
  <datafield tag="040" ind1=" " ind2=" ">
    <subfield code="a">U.S. Geol. Survey Libr./ICU</subfield>
    <subfield code="c">ICU</subfield>
  </datafield>
  <datafield tag="043" ind1=" " ind2=" ">
    <subfield code="a">n-us-mo</subfield>
  </datafield>
  <datafield tag="050" ind1="0" ind2="0">
    <subfield code="a">QE131</subfield>
    <subfield code="b">.A111</subfield>
  </datafield>
  <datafield tag="110" ind1="1" ind2="0">
    <subfield code="a">Missouri.</subfield>
    <subfield code="b">Bureau of Geology and Mines.</subfield>
  </datafield>
  <datafield tag="245" ind1="1" ind2="0">
    <subfield code="a">Reports on the geological survey of the state of Missouri.</subfield>
    <subfield code="b">1855-1871.</subfield>
    <subfield code="c">By G.C. Broadhead, F.B. Meek and B.F. Shumard. Published by authority of the Legislature, under the direction of the Bureau of geology and mines.</subfield>
  </datafield>
  <datafield tag="260" ind1="0" ind2=" ">
    <subfield code="a">Jefferson City,</subfield>
    <subfield code="b">Regan &amp; Carter, printers and binders,</subfield>
    <subfield code="c">1873.</subfield>
  </datafield>
  <datafield tag="300" ind1=" " ind2=" ">
    <subfield code="a">323 p.</subfield>
    <subfield code="b">plates, 9 fold. maps</subfield>
    <subfield code="c">26 cm.</subfield>
  </datafield>
  <datafield tag="500" ind1=" " ind2=" ">
    <subfield code="a">Raphael Pumpelly, director.</subfield>
  </datafield>
  <datafield tag="650" ind1=" " ind2="0">
    <subfield code="a">Geology</subfield>
    <subfield code="z">Missouri.</subfield>
  </datafield>
  <datafield tag="650" ind1=" " ind2="0">
    <subfield code="a">Mines and mineral resources</subfield>
    <subfield code="z">Missouri.</subfield>
  </datafield>
  <datafield tag="700" ind1="1" ind2="0">
    <subfield code="a">Broadhead, Garland C.</subfield>
    <subfield code="q">(Garland Carr),</subfield>
    <subfield code="d">1827-1912.</subfield>
  </datafield>
  <datafield tag="700" ind1="1" ind2="0">
    <subfield code="a">Meek, F. B.</subfield>
    <subfield code="q">(Fielding Bradford),</subfield>
    <subfield code="d">1817-1876.</subfield>
  </datafield>
  <datafield tag="700" ind1="1" ind2="0">
    <subfield code="a">Shumard, B. F.</subfield>
    <subfield code="q">(Benjamin Franklin),</subfield>
    <subfield code="d">1820-1869.</subfield>
  </datafield>
  <datafield tag="999" ind1=" " ind2=" ">
    <subfield code="c">24448</subfield>
    <subfield code="d">24448</subfield>
  </datafield>
</record>
